000 00583nam a2200229Ia 4500
003 OSt
005 20220924153513.0
006 a|||||r|||| 00| 0
007 ta
008 220923b |||||||| |||| 00| 0 ara d
024 _a350433
037 _cTextual
040 _aARTS
_cARTS
_bara
041 _2ara
_aara
082 _aO28, L8
100 _aKhijri Ahmad Jasim Au.
_9228982
245 0 _aMinhaj al-behas al adbi
260 _c1978
650 _aARABIC LANGUAGE
_931794
942 _hO28, L8
_cTEXL
_2CC
999 _c473800
_d473800